000 01250cam a2200265 4500
001 X111139
008 000000n2001 000 0 eng u
035 _a(Sirsi) u111139
100 _aBrewer, G.
245 _aSimply a question of 'right' interpretation
260 _c2001
490 _aContract Journal
_v407(6315) 21 February 2001, 33(1)
520 _aExamines various cases to determine which construction operations are exempt under the Construction Act 1996 s105(1). Concludes that when deciding if an activity is excluded by s105(1), both the activity and the whole site has to be included in the excluded definitions.
590 _aABS
650 _aHOUSING GRANTS, CONSTRUCTION AND REGENERATION ACT 1996
650 _aPALMERS LTD V A B B POWER CONSTRUCTION LTD
650 _aHOMER BURGESS LTD V CHIREX (ANNAN) LTD
650 _aA B B POWER CONSTRUCTION LTD V NORWEST HOLST ENGINEERING LTD
650 _aA B B ZANTINGH LTD V ZEDAL BUILDING SERVICES LTD
650 _aCONSTRUCTION OPERATIONS
650 _aINTERPRETATION
650 _aMANAGEMENT-DISPUTE AVOIDANCE, MANAGEMENT AND RESOLUTION-DISPUTE MANAGEMENT AND RESOLUTION-ALTERNATIVE DISPUTE RESOLUTION-ADJUDICATION
690 _aDispute resolution
_96236
942 _n0
999 _c66214
_d66214